Sportarten mit "R" - Statistiken

Allgemein
  • Dieses Quiz wurde 61 mal gespielt
  • Das Durchschnittsergebnis liegt bei 8 aus 41
Antwortstatistiken
Art Sportart % Korrekt
Pferdesport Reiten
75%
Fahrradfahren Radsport
74%
Bootsport Rudern
74%
Torspiel Rugby
72%
Schlitten Rodeln
66%
Tanzen Rock ’n’ Roll
62%
Kampfsport & Kraft Ringen
58%
Laufsport Rennen
57%
Rollstuhl & Tore Rollstuhlbasketball
49%
Fahrrad & Tore Radball
43%
Tanz & Rollstuhl Rollstuhltanz
21%
Maschinen Roboterfußball
19%
Schlitten Rennrodeln
15%
Turnen & Tanz Rhythmische Sportgymnastik
13%
Natur & Boote Rafting
11%
Motorsport Rallye
11%
Turnen Rhönradturnen
11%
Tiersport & Jagd Rodeo
9%
Tanz & Akrobatik Rollkunstlauf
9%
Torspiel Rollhockey
8%
Rollstuhl & Tore Rollstuhlrugby
8%
Fahrrad & Tore Radpolo
6%
Geschwindigkeit & Wasser Rettungssport
4%
Rückschlagspiel Ringtennis
4%
Rückschlag & Mehrkampf Racketlon
2%
Rückschlagspiel Racquetball
2%
Schlitten Reifenrodeln
2%
Präzision & Pferde Ringreiten
2%
Kraft & Ausdauer Rumpfbeugen
2%
Präzision & Kegel Russisches Kegeln
2%
Rückschlagspiel Rackets
0%
Modellsport Raketenmodellsport
0%
Mehrkampf & Kraft Rasenkraftsport
0%
Motorsport Rasenmähertreckerrennen
0%
Fliegen Red Bull Air Race
0%
Rückschlagspiel Ricochet
0%
Torspiel Ringette
0%
Torspiel Rinkball
0%
Präzisionssport Roque
0%
Schlagballspiel Rounders
0%
Schlagballspiel Rundbold
0%
Keine übereinstimmenden Quizze gefunden
Verteilung der Resultate
Anzahl Personen mit jedem Resultat
Perzentil nach korrekt beantworteten Fragen
Ihre Resultats-Entwicklung
Sie haben dieses Quiz noch nicht gespielt